Central Library OPAC University of Rajshahi

Fundamentals of weather and climate / (Record no. 81586)

MARC details
000 -LEADER
fixed length control field 00972nam a2200325 i 4500
001 - CONTROL NUMBER
control field 81586
003 - CONTROL NUMBER IDENTIFIER
rucl marc code BD-RjUL
005 - DATE AND TIME OF LATEST TRANSACTION
control field 20230719114508.0
008 - FIXED-LENGTH DATA ELEMENTS--GENERAL INFORMATION
fixed length control field 230719s2010 enka 001 0 eng d
020 ## - INTERNATIONAL STANDARD BOOK NUMBER
International Standard Book Number 9780199215423
Qualifying information paperback
International Standard Book Number 0199215421
Qualifying information paperback
035 ## - SYSTEM CONTROL NUMBER
System control number (BD-RjUL)81586
040 ## - CATALOGING SOURCE
Original cataloging agency UKM
Description conventions rda
Transcribing agency UKM
Modifying agency BD-RjUL
Language of cataloging eng
041 ## - LANGUAGE CODE
Language code of text/sound track or separate title eng
082 ## - DEWEY DECIMAL CLASSIFICATION NUMBER
Edition number 23
Classification number 551.6
Author mark and year MCF 2010
100 1# - MAIN ENTRY--PERSONAL NAME
Personal name McIlveen, J. F. R.
Fuller form of name (J. F. Robin),
Relator term author.
9 (RLIN) 8074
245 10 - TITLE STATEMENT
Title Fundamentals of weather and climate /
Statement of responsibility, etc. Robin McIlveen.
250 ## - EDITION STATEMENT
Edition statement 2nd edition
264 #1 - PRODUCTION, PUBLICATION, DISTRIBUTION, MANUFACTURE, AND COPYRIGHT NOTICE
Place of production, publication, distribution, manufacture Oxford :
Name of producer, publisher, distributor, manufacturer Oxford University Press,
Date of production, publication, distribution, manufacture, or copyright notice 2010.
Date of production, publication, distribution, manufacture, or copyright notice ©2010
300 ## - PHYSICAL DESCRIPTION
Pagination xxv, 632 pages :
Illustrations illustrations ;
Size 25 cm.
336 ## - CONTENT TYPE
Content type term text
Source rdacontent
337 ## - MEDIA TYPE
Media type term unmediated
Source rdamedia
338 ## - CARRIER TYPE
Carrier type term volume
Source rdacarrier
504 ## - BIBLIOGRAPHY, ETC. NOTE
Bibliography, etc Includes bibliographical references and index.
650 #0 - SUBJECT ADDED ENTRY--TOPICAL TERM
Topical term or geographic name as entry element Weather.
Topical term or geographic name as entry element Climatology.
9 (RLIN) 5887
942 ## - ADDED ENTRY ELEMENTS (KOHA)
Source of classification or shelving scheme Dewey Decimal Classification
Koha item type Books
Holdings
Lost status Source of classification or shelving scheme Damaged status Not for loan Collection code Permanent Location Current Location Shelving location Date acquired Source of acquisition Cost, normal purchase price Total Checkouts Full call number Date last seen Copy number Koha item type
  Dewey Decimal Classification   Not For Loan Non-fiction Central Library, University of Rajshahi Central Library, University of Rajshahi Reading Room 16/05/2023 Dhaka : BM Book 6190.00   551.6 MCF 2010 19/07/2023 C-1 Books
  Dewey Decimal Classification     Non-fiction Central Library, University of Rajshahi Central Library, University of Rajshahi General Stacks 16/05/2023 Dhaka : BM Book 6190.00   551.6 MCF 2010 19/07/2023 C-2 Books